Advanced level Physics / (Record no. 86)
[ view plain ]
| 000 -LEADER | |
|---|---|
| fixed length control field | 00512nam a2200181Ia 4500 |
| 008 - FIXED-LENGTH DATA ELEMENTS--GENERAL INFORMATION | |
| fixed length control field | 190805s9999||||xx |||||||||||||| ||und|| |
| 020 ## - INTERNATIONAL STANDARD BOOK NUMBER | |
| International Standard Book Number | 9788123904009 |
| Terms of availability | Rs. 250.00 |
| 082 04 - DEWEY DECIMAL CLASSIFICATION NUMBER | |
| Classification number | 530 |
| Item number | N323 |
| 100 1# - MAIN ENTRY--PERSONAL NAME | |
| Personal name | Nelkon, Michael |
| 245 10 - TITLE STATEMENT | |
| Title | Advanced level Physics / |
| 250 ## - EDITION STATEMENT | |
| Edition statement | 7th ed. |
| 260 ## - PUBLICATION, DISTRIBUTION, ETC. (IMPRINT) | |
| Place of publication, distribution, etc | New Delhi : |
| Name of publisher, distributor, etc | CBS Publishers, |
| Date of publication, distribution, etc | 1995 |
| 300 ## - PHYSICAL DESCRIPTION | |
| Extent | xv, 927 p. |
| Other physical details | : ill. |
| Dimensions | ; 21.5 cm. |
| 650 #0 - SUBJECT ADDED ENTRY--TOPICAL TERM | |
| Topical term or geographic name as entry element | Physics |
| 700 1# - ADDED ENTRY--PERSONAL NAME | |
| Personal name | Parker, Philip |
| 852 ## - LOCATION/CALL NUMBER | |
| Location | |
| 942 ## - ADDED ENTRY ELEMENTS (KOHA) | |
| Item type | Books |
| Withdrawn status | Lost status | Damaged status | Not for loan | Collection code | Permanent location | Current location | Shelving location | Date acquired | Source of acquisition | Cost, normal purchase price | Total Checkouts | Full call number | Barcode | Date last seen | Date last borrowed | Koha item type | Public note | Source of classification or shelving scheme |
|---|---|---|---|---|---|---|---|---|---|---|---|---|---|---|---|---|---|---|
| Physics | IMU Kochi Library | IMU Kochi Library | General Stacks | 2017-05-18 | Sterling Book House | 250.00 | 1 | 530 N323 | BK002920 | 2023-04-25 | 2023-04-25 | Books | Gen. Shelf-9, Row-4 | |||||
| Physics | IMU Kochi Library | IMU Kochi Library | General Stacks | 2017-07-03 | Sri Vani Book Agency | 295.00 | 530 N323 | BK004069 | 2019-08-05 | Books | Gen. Shelf-9, Row-4 | |||||||
| Physics | IMU Kochi Library | IMU Kochi Library | General Stacks | 2017-05-18 | Sterling Book House | 250.00 | 5 | 530 N323 | BK002919 | 2023-03-21 | 2023-03-21 | Books | Gen. Shelf-9, Row-4 | |||||
| Physics | IMU Kochi Library | IMU Kochi Library | General Stacks | 2012-03-29 | Ajith Book Stall (Inv. No. 8346 Dt 2012-03-23) | 200.00 | 1 | 530 N323 | BK000322 | 2022-10-06 | 2022-09-20 | Books | Gen. Shelf-9, Row-4 |